[Event "Andorra open"]
[Site "Escaldes"]
[Date "2018.07.25"]
[Round "5.10"]
[White "Jerez Perez, Alfonso"]
[Black "Llaneza Vega, Patricia"]
[Result "1/2-1/2"]
[WhiteElo "2423"]
[BlackElo "2099"]
[PlyCount "77"]
[EventDate "2018.07.21"]
[EventType "swiss"]
[EventCountry "AND"]

1. e4 d5 2. exd5 Qxd5 3. Nc3 Qe5+ 4. Nge2 c6 5. d4 Qc7 6. Bf4 Qa5 7. Ng3 Nf6 8.
Bc4 Bg4 9. Qd2 e6 10. h3 Bh5 11. O-O Bg6 12. a3 Be7 13. Rad1 Nbd7 14. Rfe1 Qd8
15. Qe2 O-O 16. Bb3 Nb6 17. Nce4 Nxe4 18. Nxe4 Nd5 19. Bg3 Qb6 20. Nd6 Rfd8 21.
Nc4 Qa6 22. Qf3 Bxc2 23. Ne5 Bg6 24. Nxg6 hxg6 25. h4 Qb6 26. Rd3 Rd7 27. h5
gxh5 28. Qxh5 Nf6 29. Qh4 Qb5 30. Rf3 Qh5 31. Rxe6 Qxh4 32. Bxh4 Kf8 33. Re2
Rxd4 34. Rfe3 Bc5 35. Bxf6 gxf6 36. Rf3 Kg7 37. Rg3+ Kf8 38. Rf3 Kg7 39. Rg3+
1/2-1/2

[Event "Andorra open"]
[Site "Escaldes"]
[Date "2018.07.25"]
[Round "5.11"]
[White "Vidal, Llewellyn"]
[Black "Beshukov, Sergei"]
[Result "1/2-1/2"]
[WhiteElo "2221"]
[BlackElo "2417"]
[PlyCount "65"]
[EventDate "2018.07.21"]
[EventType "swiss"]
[EventCountry "AND"]

1. c4 Nf6 2. Nc3 d5 3. cxd5 Nxd5 4. g3 Nxc3 5. bxc3 g6 6. Bg2 Bg7 7. Nf3 c5 8.
O-O Nc6 9. Rb1 O-O 10. d3 Qa5 11. Qc2 Qxc3 12. Qxc3 Bxc3 13. Bh6 Rd8 14. Rfc1
Bb4 15. Be3 b6 16. Ne1 Bd7 17. Bxc6 Bxc6 18. Rxb4 cxb4 19. Rxc6 Rdc8 20. Rxc8+
Rxc8 21. Bd2 a5 22. e4 Rc5 23. Kf1 Rb5 24. Ke2 b3 25. axb3 Rxb3 26. Kd1 a4 27.
Kc2 Rb5 28. d4 a3 29. Bc3 a2 30. Bb2 Ra5 31. Ba1 Rb5 32. Bb2 Ra5 33. Ba1
1/2-1/2

[Event "Andorra open"]
[Site "Escaldes"]
[Date "2018.07.25"]
[Round "5.12"]
[White "Martinez Lopez, Ivan"]
[Black "Loiseau, Quentin"]
[Result "1-0"]
[WhiteElo "2195"]
[BlackElo "2402"]
[PlyCount "93"]
[EventDate "2018.07.21"]
[EventType "swiss"]
[EventCountry "AND"]

1. Nf3 d5 2. c4 c6 3. g3 g6 4. Bg2 Bg7 5. O-O e5 6. cxd5 cxd5 7. d3 Ne7 8. Nc3
O-O 9. Bg5 Nbc6 10. Bxe7 Nxe7 11. d4 e4 12. Ne1 Qb6 13. Nc2 Bd7 14. Qd2 Rac8
15. Rab1 Rc7 16. Rfc1 Rfc8 17. e3 f5 18. Na1 g5 19. Nb3 f4 20. exf4 gxf4 21.
Qxf4 Rf8 22. Qg5 Qd6 23. Rd1 Rf5 24. Qd2 Bh6 25. Qe2 Qf6 26. Rf1 Nc6 27. Rbd1
Be8 28. f3 Bh5 29. g4 Bf4 30. fxe4 Qh4 31. h3 Qg3 32. Rxf4 Rxf4 33. Nxd5 Bg6
34. Qe1 Qxe1+ 35. Rxe1 Rff7 36. Nxc7 Rxc7 37. Rc1 Rd7 38. d5 Ne5 39. Rc8+ Kg7
40. Nc5 Rf7 41. Ne6+ Kh6 42. Rc7 Rxc7 43. Nxc7 Kg5 44. Ne6+ Kh4 45. Kh2 Be8 46.
Nd4 Bd7 47. Nf3+ 1-0

[Event "Andorra open"]
[Site "Escaldes"]
[Date "2018.07.25"]
[Round "5.13"]
[White "Barbero Sendic, Alejandro"]
[Black "De Seroux, Camille"]
[Result "1-0"]
[WhiteElo "2388"]
[BlackElo "2146"]
[PlyCount "105"]
[EventDate "2018.07.21"]
[EventType "swiss"]
[EventCountry "AND"]

1. e4 c5 2. Nf3 d6 3. d4 Nf6 4. Nc3 cxd4 5. Nxd4 Nc6 6. Bg5 e6 7. Qd2 Qb6 8.
Nb3 a6 9. O-O-O Be7 10. Kb1 O-O 11. h4 Rd8 12. g4 Qc7 13. Bxf6 Bxf6 14. g5 Bxc3
15. Qxc3 b5 16. h5 b4 17. Qg3 Bb7 18. g6 Ne5 19. gxh7+ Kxh7 20. Rg1 Rg8 21. Bd3
Rac8 22. f4 Nxd3 23. cxd3 Qe7 24. Nd2 a5 25. Nf3 a4 26. Rd2 Ba6 27. e5 d5 28.
f5 a3 29. fxe6 Kh8 30. exf7 Qxf7 31. Ng5 Qc7 32. e6 Qxg3 33. Rxg3 Rgf8 34. Nf7+
Kh7 35. Rdg2 Rg8 36. Rh2 Rc6 37. h6 g5 38. e7 Re6 39. bxa3 Rxe7 40. Nxg5+ Kh8
41. axb4 Rf8 42. Rf3 Rxf3 43. Nxf3 Bxd3+ 44. Kb2 Bg6 45. Nd4 Re4 46. Rd2 Rh4
47. b5 Rxh6 48. a4 Rh4 49. a5 Rh7 50. Kc3 Be8 51. b6 Ba4 52. Nb3 Bc6 53. Rb2
1-0

[Event "Andorra open"]
[Site "Escaldes"]
[Date "2018.07.25"]
[Round "5.14"]
[White "Laliena Solanes, Luis"]
[Black "Ruperez Benito, Antonio"]
[Result "0-1"]
[WhiteElo "2174"]
[BlackElo "2329"]
[PlyCount "86"]
[EventDate "2018.07.21"]
[EventType "swiss"]
[EventCountry "AND"]

1. e4 e6 2. d4 d5 3. Nc3 Bb4 4. Nge2 dxe4 5. a3 Bxc3+ 6. Nxc3 Nc6 7. d5 exd5 8.
Qxd5 Be6 9. Qxe4 Nf6 10. Qh4 Qd4 11. Qxd4 Nxd4 12. Bd3 O-O-O 13. Bf4 Bf5 14.
Bxf5+ Nxf5 15. O-O Nh5 16. Bxc7 Kxc7 17. g4 Rd2 18. gxh5 Rxc2 19. Rac1 Rxc1 20.
Rxc1 Rd8 21. Ne4+ Kb6 22. Rc5 Nh4 23. Rc1 Rd5 24. Ng3 f5 25. Rc4 Nf3+ 26. Kg2
Nd4 27. Kf1 f4 28. Ne2 Nxe2 29. Kxe2 Rxh5 30. Rxf4 Rxh2 31. Rb4+ Kc7 32. Rc4+
Kb8 33. Rf4 Rg2 34. Rf7 Rg6 35. b4 a6 36. a4 h5 37. f4 Rf6 38. Rxf6 gxf6 39.
Kf3 Kc7 40. Ke4 Kd6 41. f5 h4 42. Kf4 Kd5 43. b5 a5 0-1

[Event "Andorra open"]
[Site "Escaldes"]
[Date "2018.07.25"]
[Round "5.15"]
[White "Tleptsok, Ruslan"]
[Black "Blom, Vincent"]
[Result "1/2-1/2"]
[WhiteElo "2126"]
[BlackElo "2269"]
[PlyCount "123"]
[EventDate "2018.07.21"]
[EventType "swiss"]
[EventCountry "AND"]

1. e4 c6 2. d4 d5 3. f3 g6 4. Nc3 dxe4 5. fxe4 Bg7 6. Be3 Nf6 7. Nf3 O-O 8. Qd2
b5 9. Bd3 a5 10. h3 Na6 11. e5 Nd5 12. Nxd5 Qxd5 13. Qxa5 Be6 14. Qd2 c5 15. c3
cxd4 16. cxd4 Nc7 17. a3 Qb7 18. O-O Bd5 19. Rac1 Ne6 20. Ng5 Nxg5 21. Bxg5 Ra4
22. Be3 b4 23. Bc2 Ra6 24. axb4 Rb6 25. Bd1 Rxb4 26. Rc2 Rb8 27. Bf3 Bxf3 28.
Rxf3 Rxb2 29. Rxb2 Qxb2 30. Qxb2 Rxb2 31. Bg5 Rb7 32. Rc3 h6 33. Be3 e6 34. Kf2
Kh7 35. Kf3 Bf8 36. Ke4 Kg7 37. Rc8 Be7 38. Re8 Bg5 39. Bxg5 hxg5 40. Kf3 Rd7
41. Ke4 Ra7 42. Kf3 g4+ 43. hxg4 Rd7 44. Ke4 Kh6 45. Rh8+ Kg5 46. Rh3 Kxg4 47.
Rf3 Ra7 48. Rd3 g5 49. Rf3 Kh5 50. Rh3+ Kg6 51. Rd3 Ra1 52. d5 Re1+ 53. Kf3
exd5 54. Rxd5 Rf1+ 55. Kg4 Rf4+ 56. Kg3 Kg7 57. Ra5 Kf8 58. Kh2 Kg7 59. Kg3 Kg6
60. Rd5 Kf5 61. e6+ Kxe6 62. Rxg5 1/2-1/2

[Event "Andorra open"]
[Site "Escaldes"]
[Date "2018.07.25"]
[Round "5.16"]
[White "Palacios Herrero, Pablo"]
[Black "Shabalov, Alexander"]
[Result "1-0"]
[WhiteElo "2183"]
[BlackElo "2567"]
[PlyCount "85"]
[EventDate "2018.07.21"]
[EventType "swiss"]
[EventCountry "AND"]

1. e4 Nc6 2. Nf3 d6 3. d4 Nf6 4. Nc3 g6 5. Be3 Bg7 6. Qd2 Bg4 7. Be2 O-O 8. O-O
e5 9. dxe5 dxe5 10. Rad1 Qc8 11. h3 Rd8 12. Qc1 Bxf3 13. Bxf3 Nd4 14. Bxd4 exd4
15. Nd5 Nxd5 16. exd5 Qf5 17. Rfe1 Qf6 18. Re2 a5 19. Rde1 a4 20. Re7 Qd6 21.
c3 Bf6 22. R7e4 dxc3 23. bxc3 Kg7 24. Rb4 b6 25. Rc4 Re8 26. Rxe8 Rxe8 27. Rxa4
Qc5 28. Re4 Ra8 29. Re2 Ra3 30. Rc2 Qa5 31. Qd2 Bxc3 32. Qe2 Qb4 33. g3 Qd6 34.
Kg2 Qf6 35. Be4 Be5 36. Bf3 Bd6 37. Be4 Qa1 38. Bd3 f5 39. Rxc7+ Bxc7 40. Qe7+
Kh6 41. Qf8+ Qg7 42. Qxa3 Qf6 43. Qc1+ 1-0

[Event "Andorra open"]
[Site "Escaldes"]
[Date "2018.07.25"]
[Round "5.17"]
[White "Ruiz Castillo, Joshua Daniel"]
[Black "Pham Guerrero, Sergi"]
[Result "1-0"]
[WhiteElo "2410"]
[BlackElo "2208"]
[PlyCount "63"]
[EventDate "2018.07.21"]
[EventType "swiss"]
[EventCountry "AND"]

1. e4 c5 2. Nf3 d6 3. d4 cxd4 4. Qxd4 a6 5. c4 Nc6 6. Qe3 g6 7. Be2 Bg7 8. O-O
Nf6 9. Nc3 O-O 10. h3 b6 11. Rd1 Nd7 12. Rb1 Bb7 13. Nd5 Re8 14. b4 e6 15. Nc3
Qc7 16. Ba3 Nce5 17. Nxe5 Nxe5 18. Rbc1 Rad8 19. Na4 Qc6 20. Nxb6 Qxe4 21. Qxe4
Bxe4 22. c5 dxc5 23. bxc5 Bh6 24. Ra1 a5 25. Bb2 Bg7 26. Bb5 Bc6 27. a4 Nf3+
28. gxf3 Bxb2 29. Bxc6 Bxa1 30. Rxa1 Re7 31. Bb5 Rc7 32. c6 1-0

[Event "Andorra open"]
[Site "Escaldes"]
[Date "2018.07.25"]
[Round "5.18"]
[White "Berkovich, Mark A"]
[Black "Zalkind, Konstantin"]
[Result "1/2-1/2"]
[WhiteElo "2344"]
[BlackElo "2185"]
[PlyCount "60"]
[EventDate "2018.07.21"]
[EventType "swiss"]
[EventCountry "AND"]

1. c4 b6 2. d4 e6 3. Nf3 Bb7 4. g3 Nf6 5. Bg2 c5 6. d5 exd5 7. Nh4 Be7 8. cxd5
d6 9. Nc3 O-O 10. O-O Nbd7 11. Nf5 Ne5 12. f4 Ng6 13. e4 Ba6 14. Re1 b5 15. e5
Ne8 16. h4 Bc8 17. Nxe7+ Nxe7 18. Nxb5 Nf5 19. e6 Nc7 20. Nxc7 Qxc7 21. Kh2 Rb8
22. b3 fxe6 23. dxe6 Bb7 24. Bb2 Qe7 25. Bxb7 Rxb7 26. Qg4 c4 27. Qg5 Qe8 28.
Bc3 Re7 29. bxc4 Rxe6 30. Qg4 Qf7 1/2-1/2

[Event "Andorra open"]
[Site "Escaldes"]
[Date "2018.07.25"]
[Round "5.19"]
[White "Terao, Juliana Sayumi"]
[Black "Fernandez De Bobadilla, Gabriel"]
[Result "1/2-1/2"]
[WhiteElo "2308"]
[BlackElo "2175"]
[PlyCount "139"]
[EventDate "2018.07.21"]
[EventType "swiss"]
[EventCountry "AND"]

1. e4 c5 2. Nf3 d6 3. c3 Nf6 4. h3 g6 5. Bd3 Bg7 6. O-O O-O 7. Bc2 e5 8. d4
exd4 9. cxd4 Nc6 10. Be3 cxd4 11. Nxd4 Nb4 12. Nc3 Nxc2 13. Qxc2 a6 14. Rfd1 b5
15. Nc6 Qc7 16. Nd5 Nxd5 17. exd5 Bf5 18. Qd2 Rfe8 19. Bd4 f6 20. Rac1 Qf7 21.
Be3 g5 22. Nd4 Qxd5 23. Nxf5 Qxf5 24. Qxd6 Bf8 25. Qb6 Reb8 26. Qd4 Rc8 27. g3
Rxc1 28. Rxc1 Be7 29. Rc7 Rd8 30. Qg4 Qxg4 31. hxg4 Kf8 32. Kg2 Ra8 33. Kf3 a5
34. a3 Ra6 35. Rb7 b4 36. axb4 Bxb4 37. Rxh7 Be7 38. Rh8+ Kf7 39. Rb8 a4 40.
Rb7 Ke6 41. Ke4 a3 42. bxa3 Ra4+ 43. Kf3 Bxa3 44. Rb6+ Kf7 45. Rb3 Bd6 46. Rd3
Be5 47. Bc5 Ke6 48. Rb3 Rc4 49. Be3 Ra4 50. Rb6+ Kd5 51. Rb7 Ke6 52. Ra7 Rc4
53. Rg7 Rxg4 54. Kxg4 f5+ 55. Kxg5 Bxg7 56. Kg6 Bf6 57. Bh6 Bd4 58. f3 Bf2 59.
g4 fxg4 60. fxg4 Bh4 61. Bg5 Be1 62. Kh7 Kf7 63. Bh6 Bh4 64. Bf4 Be7 65. Be3
Bd8 66. Bd2 Bf6 67. Bf4 Bd8 68. Be5 Bh4 69. Bf4 Bf6 70. Bg3 1/2-1/2

[Event "Andorra open"]
[Site "Escaldes"]
[Date "2018.07.25"]
[Round "5.20"]
[White "Van Veenendaal, Elmer"]
[Black "Sole Pijuan, Ferran"]
[Result "0-1"]
[WhiteElo "2028"]
[BlackElo "2306"]
[PlyCount "102"]
[EventDate "2018.07.21"]
[EventType "swiss"]
[EventCountry "AND"]

1. d4 d5 2. Nf3 Nf6 3. Bf4 c5 4. dxc5 Nc6 5. Nbd2 Qa5 6. e3 Bf5 7. Nd4 Nxd4 8.
exd4 Qb4 9. Be5 Nd7 10. Qf3 e6 11. Qb3 Qxb3 12. Nxb3 Bxc2 13. Bb5 O-O-O 14. Bg3
Nf6 15. h3 a6 16. Ba4 Ne4 17. Bh2 Be7 18. Rc1 Bd3 19. Nd2 Bg5 20. Nxe4 dxe4 21.
Rd1 Rxd4 22. Bb3 Bd8 23. Kd2 Bc7 24. Ke3 Rhd8 25. Bd6 Rb4 26. Be7 Rd7 27. Bf8
g5 28. g3 Rd8 29. Be7 Rd7 30. Bf8 Rd8 31. Be7 Re8 32. Bxg5 a5 33. Bf6 e5 34. f3
Rg8 35. g4 Rg6 36. g5 Bc4 37. Bxc4 Rxc4 38. Rc1 Rb4 39. b3 exf3 40. Kxf3 a4 41.
bxa4 Rxa4 42. c6 e4+ 43. Kg4 Rxa2 44. cxb7+ Kxb7 45. Rb1+ Kc6 46. Rbc1+ Kd7 47.
Rhd1+ Bd6 48. Rc4 Rf2 49. Bd4 f5+ 50. Kh5 Rf3 51. Rh1 Be7 0-1

[Event "Andorra open"]
[Site "Escaldes"]
[Date "2018.07.25"]
[Round "5.21"]
[White "Ferrante, Marco"]
[Black "Dubois, Pierre"]
[Result "1-0"]
[WhiteElo "2290"]
[BlackElo "2105"]
[PlyCount "109"]
[EventDate "2018.07.21"]
[EventType "swiss"]
[EventCountry "AND"]

1. e4 e5 2. Nf3 Nc6 3. Bc4 Nf6 4. d3 Bc5 5. c3 O-O 6. Bg5 Be7 7. O-O h6 8. Bh4
d6 9. a4 Nh7 10. Bxe7 Qxe7 11. Nbd2 Ng5 12. a5 a6 13. Qb3 Nxf3+ 14. Nxf3 Bg4
15. Nd2 Qg5 16. f3 Bd7 17. Rf2 Rab8 18. Qa2 Ne7 19. f4 exf4 20. Raf1 Ng6 21.
Nf3 Qe7 22. Nd4 Kh7 23. b4 f5 24. Bd5 Qg5 25. Be6 Bxe6 26. Nxe6 Qf6 27. exf5
Qxf5 28. Nxf8+ Rxf8 29. d4 Qg5 30. Qe2 Rf5 31. Kh1 Qh5 32. Qe4 d5 33. Qf3 Qxf3
34. Rxf3 Rf6 35. g3 Rc6 36. gxf4 Nh4 37. Re3 Nf5 38. Re5 g6 39. Rf3 Rd6 40. Kg1
Rd8 41. Rf1 c6 42. Rfe1 Rd7 43. Re8 Kg7 44. Kf1 Kf7 45. Rh8 Kg7 46. Ree8 h5 47.
Rd8 Rc7 48. Rc8 Rd7 49. Rhd8 Re7 50. Re8 Rd7 51. Rcd8 Rc7 52. Kf2 Kf6 53. Rg8
Ne7 54. Rd6+ Kf7 55. Rgd8 1-0

[Event "Andorra open"]
[Site "Escaldes"]
[Date "2018.07.25"]
[Round "5.22"]
[White "Saada, Julien"]
[Black "Gomez Barrera, Javiera Belen"]
[Result "1/2-1/2"]
[WhiteElo "2266"]
[BlackElo "2063"]
[PlyCount "93"]
[EventDate "2018.07.21"]
[EventType "swiss"]
[EventCountry "AND"]

1. d4 Nf6 2. Nf3 g6 3. Nc3 d5 4. Bf4 Bg7 5. Nb5 Na6 6. e3 c6 7. Nc3 Nc7 8. h3
O-O 9. Be2 b6 10. O-O Bb7 11. Bh2 Re8 12. Re1 Nd7 13. e4 dxe4 14. Nxe4 c5 15.
Bc4 cxd4 16. Nfg5 Rf8 17. Nxf7 Rxf7 18. Bxf7+ Kxf7 19. Ng5+ Kg8 20. Qe2 e5 21.
f4 Bd5 22. c3 Qf6 23. Qg4 Qf5 24. Qxf5 gxf5 25. fxe5 h6 26. Nf3 dxc3 27. bxc3
Bxf3 28. gxf3 Ne6 29. Rad1 Ndc5 30. Kf1 Rd8 31. Rd6 Bf8 32. Rxd8 Nxd8 33. Rd1
Nde6 34. Bg1 Be7 35. Be3 Kg7 36. Ke2 h5 37. Bxc5 Nxc5 38. Ke3 Kf7 39. Kf4 Ke6
40. c4 h4 41. Rd2 a6 42. Rd1 a5 43. Rd2 Bf8 44. Kg5 Be7+ 45. Kf4 Bf8 46. Kg5
Be7+ 47. Kf4 1/2-1/2

[Event "Andorra open"]
[Site "Escaldes"]
[Date "2018.07.25"]
[Round "5.23"]
[White "Librelato, Kathie Goulart"]
[Black "Serra Pages, Jordi"]
[Result "0-1"]
[WhiteElo "2100"]
[BlackElo "2251"]
[PlyCount "126"]
[EventDate "2018.07.21"]
[EventType "swiss"]
[EventCountry "AND"]

1. e4 e5 2. Nf3 Nc6 3. d4 exd4 4. Nxd4 Nf6 5. Nc3 Bb4 6. Nxc6 bxc6 7. Bd3 d5 8.
exd5 cxd5 9. O-O O-O 10. h3 c6 11. Qf3 Rb8 12. Bf4 Bd6 13. Bxd6 Qxd6 14. b3 Be6
15. Ne2 c5 16. Nf4 Bd7 17. Rad1 Bc6 18. Qg3 Rfd8 19. Rfe1 h6 20. Ne2 Kf8 21. c4
d4 22. Qxd6+ Rxd6 23. Ng3 g6 24. Re5 Nd7 25. Re2 Re8 26. Rde1 Rxe2 27. Rxe2 a5
28. f4 a4 29. h4 h5 30. f5 Kg7 31. Kf1 Kf6 32. fxg6 fxg6 33. Ne4+ Bxe4 34. Bxe4
Ne5 35. Bd5 Ng4 36. Be4 Rb6 37. bxa4 Ne3+ 38. Ke1 Nxc4 39. Rc2 Na3 40. Rf2+ Ke5
41. Re2 Kf6 42. Rf2+ Kg7 43. Bd5 Rd6 44. Rf7+ Kh6 45. Bf3 c4 46. Rc7 Re6+ 47.
Kd1 Rb6 48. Rb7 Ra6 49. Rb4 Ra5 50. Kc1 Rc5 51. Rb6 Kg7 52. Rc6 Ra5 53. Bd1 c3
54. Bb3 Rf5 55. Bc4 Rf2 56. Bd3 Rxg2 57. Kd1 Rd2+ 58. Ke1 Rxd3 59. a5 c2 60. a6
Rd1+ 61. Ke2 c1=Q 62. Rxc1 Rxc1 63. a7 Rc8 0-1

[Event "Andorra open"]
[Site "Escaldes"]
[Date "2018.07.25"]
[Round "5.24"]
[White "Cuadras Avellana, Jordi"]
[Black "Partac, Elena"]
[Result "1-0"]
[WhiteElo "2240"]
[BlackElo "2059"]
[PlyCount "123"]
[EventDate "2018.07.21"]
[EventType "swiss"]
[EventCountry "AND"]

1. e4 c5 2. Nf3 e6 3. c3 Nf6 4. e5 Nd5 5. d4 cxd4 6. cxd4 d6 7. Bc4 Be7 8. O-O
Nc6 9. a3 O-O 10. Qe2 b6 11. Bd2 Bb7 12. Nc3 Nxc3 13. Bxc3 Na5 14. Ba2 Rc8 15.
Rac1 Rc7 16. b4 Qc8 17. Bb2 Ba6 18. b5 Bb7 19. Rxc7 Qxc7 20. Rc1 Qd7 21. exd6
Qxd6 22. Ne5 Rc8 23. Rxc8+ Bxc8 24. Qh5 g6 25. Qf3 f6 26. Qa8 fxe5 27. Qxc8+
Kf7 28. Qh8 Bf6 29. Qxh7+ Bg7 30. Bb1 exd4 31. Qxg6+ Kf8 32. Ba2 Qe5 33. Qxe6
Qxe6 34. Bxe6 Ke7 35. Bd5 Kd6 36. Be4 Nc4 37. Bc1 Na5 38. Kf1 Nb3 39. Bf4+ Kc5
40. Ke2 Kxb5 41. Bd3+ Ka4 42. h4 Kxa3 43. h5 Kb2 44. g4 a5 45. g5 a4 46. h6 Bh8
47. g6 a3 48. g7 Bxg7 49. hxg7 a2 50. g8=Q a1=Q 51. Qc4 b5 52. Qc2+ Ka3 53.
Bxb5 d3+ 54. Qxd3 Qb2+ 55. Kf3 Qd4 56. Bc4 Qxd3+ 57. Bxd3 Kb4 58. Bd6+ Kc3 59.
Ke3 Na5 60. f4 Nc6 61. Be4 Nd8 62. Bd5 1-0

[Event "Andorra open"]
[Site "Escaldes"]
[Date "2018.07.25"]
[Round "5.25"]
[White "Picart, Laurent"]
[Black "Morros Faura, Ricard"]
[Result "1/2-1/2"]
[WhiteElo "2066"]
[BlackElo "2227"]
[PlyCount "128"]
[EventDate "2018.07.21"]
[EventType "swiss"]
[EventCountry "AND"]

1. d4 g6 2. c4 f5 3. g3 Nf6 4. Bg2 Bg7 5. Nc3 O-O 6. Nh3 Nc6 7. O-O e5 8. dxe5
Nxe5 9. c5 Kh8 10. Bf4 Nf7 11. Qb3 h6 12. Rad1 g5 13. c6 bxc6 14. Bxc6 Ba6 15.
Bxa8 Qxa8 16. Bxc7 Qc6 17. Ba5 Bb7 18. f3 Ng4 19. Nd5 Qc5+ 20. Kh1 Qxa5 21.
Qxb7 Nge5 22. Qb3 Nc6 23. e3 Rb8 24. Qa3 Qxa3 25. bxa3 Rb2 26. Rf2 Rb5 27. Rc2
Ra5 28. f4 g4 29. Nf2 Rxa3 30. Kg2 h5 31. Nd3 Bf8 32. Nf6 Ne7 33. Nxd7 Nd5 34.
Kf2 Nd6 35. Nxf8 Ne4+ 36. Kg1 Nxe3 37. Rcd2 Nxd2 38. Rxd2 Nc4 39. Rc2 Ne3 40.
Rc7 Rxd3 41. Rxa7 Rd2 42. Ng6+ Kg8 43. Nh4 Rd5 44. a4 Nc4 45. Kf2 Nd6 46. Ke2
Nc4 47. Rb7 Rd2+ 48. Ke1 Ra2 49. Ra7 Ne3 50. a5 Rxh2 51. a6 Ra2 52. Re7 Nd5 53.
Re5 Nb4 54. Rxf5 Rxa6 55. Rxh5 Ra7 56. Kd2 Ra2+ 57. Kc3 Nc6 58. Rg5+ Kf7 59.
Rxg4 Ra3+ 60. Kb2 Rd3 61. Rg5 Nd4 62. f5 Rb3+ 63. Kc1 Rxg3 64. Rxg3 Ne2+
1/2-1/2

[Event "Andorra open"]
[Site "Escaldes"]
[Date "2018.07.26"]
[Round "6.1"]
[White "Admiraal, Miguoel"]
[Black "Fedorchuk, Sergey A"]
[Result "1/2-1/2"]
[WhiteElo "2479"]
[BlackElo "2626"]
[PlyCount "22"]
[EventDate "2018.07.21"]
[EventType "swiss"]
[EventCountry "AND"]

1. d4 Nf6 2. Bg5 e6 3. e4 h6 4. Bxf6 Qxf6 5. c3 b6 6. Bd3 Bb7 7. Nf3 Qd8 8. O-O
Be7 9. Nbd2 d6 10. Re1 Nd7 11. Qe2 a6 1/2-1/2

[Event "Andorra open"]
[Site "Escaldes"]
[Date "2018.07.26"]
[Round "6.2"]
[White "Lagarde, Maxime"]
[Black "Pena Gomez, Manuel"]
[Result "1/2-1/2"]
[WhiteElo "2615"]
[BlackElo "2475"]
[PlyCount "80"]
[EventDate "2018.07.21"]
[EventType "swiss"]
[EventCountry "AND"]

1. d4 Nf6 2. c4 e6 3. Nc3 d5 4. Nf3 Be7 5. Bf4 O-O 6. e3 b6 7. Bd3 Bb7 8. O-O
c5 9. dxc5 bxc5 10. Rc1 Nc6 11. cxd5 exd5 12. Qe2 Nb4 13. Bb5 a6 14. Ba4 Qa5
15. Bb3 c4 16. Bc2 Ne4 17. Nd4 Bf6 18. Bb1 Rac8 19. a3 Nxc3 20. Bxh7+ Kxh7 21.
Qh5+ Kg8 22. axb4 Ne2+ 23. Qxe2 Qxb4 24. Qg4 Bxd4 25. exd4 Rc6 26. h4 Bc8 27.
Qf3 Rf6 28. h5 Re8 29. Qg3 Re4 30. Be5 Rg4 31. Qc3 Qxc3 32. Rxc3 Rb6 33. f3 Rh4
34. Re3 Rxh5 35. Bc7 Re6 36. Rxe6 Bxe6 37. Ra1 Bc8 38. Re1 Bd7 39. Re5 Rxe5 40.
Bxe5 f6 1/2-1/2

[Event "Andorra open"]
[Site "Escaldes"]
[Date "2018.07.26"]
[Round "6.3"]
[White "Postny, Evgeny"]
[Black "Narciso Dublan, Marc"]
[Result "1/2-1/2"]
[WhiteElo "2585"]
[BlackElo "2466"]
[PlyCount "94"]
[EventDate "2018.07.21"]
[EventType "swiss"]
[EventCountry "AND"]

1. d4 f5 2. g3 Nf6 3. Bg2 e6 4. c4 d5 5. Nh3 Bd6 6. O-O O-O 7. Qc2 c6 8. Nd2 h6
9. Nf3 g5 10. Ne5 Bd7 11. f4 g4 12. Nf2 Be8 13. b4 Nbd7 14. b5 cxb5 15. cxd5
Nxd5 16. e4 Rc8 17. Qb3 Rc3 18. Qd1 N5b6 19. Bb2 Rc7 20. d5 Nxe5 21. fxe5 Bc5
22. Bd4 Bxd4 23. Qxd4 Rc4 24. Qd1 Bg6 25. Nd3 fxe4 26. Qxg4 Kh7 27. Nf4 Bf5 28.
Qe2 Nxd5 29. Nxd5 Qxd5 30. g4 Qc5+ 31. Kh1 Bg6 32. Rxf8 Qxf8 33. Rf1 Qd8 34. a4
a6 35. axb5 axb5 36. Qf2 Qc7 37. Qf6 e3 38. Bf3 b4 39. Qxe6 Rf4 40. Kg2 Qc2+
41. Kg3 e2 42. Bxe2 Rxf1 43. Bxf1 Qc3+ 44. Kf2 Qd4+ 45. Ke1 Qc3+ 46. Kf2 Qd4+
47. Ke1 Qc3+ 1/2-1/2

[Event "Andorra open"]
[Site "Escaldes"]
[Date "2018.07.26"]
[Round "6.4"]
[White "Nayhebaver, Martin"]
[Black "Kunin, Vitaly"]
[Result "1/2-1/2"]
[WhiteElo "2478"]
[BlackElo "2538"]
[PlyCount "145"]
[EventDate "2018.07.21"]
[EventType "swiss"]
[EventCountry "AND"]

1. e4 c5 2. Nf3 Nc6 3. d4 cxd4 4. Nxd4 e5 5. Nb5 a6 6. Nd6+ Bxd6 7. Qxd6 Qe7 8.
Qd1 Nf6 9. Nc3 Nd4 10. Bd3 b5 11. O-O Bb7 12. f4 d6 13. fxe5 dxe5 14. Bg5 Rd8
15. Qe1 Ne6 16. Bxf6 gxf6 17. Ne2 h5 18. Qh4 Ng5 19. Ng3 Kd7 20. Rf2 Rdg8 21.
Raf1 Rg6 22. Kh1 Kc7 23. Nf5 Qc5 24. Re2 Ne6 25. Qf2 h4 26. Qxc5+ Nxc5 27. b4
Ne6 28. Ne7 Rgh6 29. Ref2 Nf4 30. Rxf4 exf4 31. Nf5 Rh5 32. Rxf4 h3 33. g3 a5
34. a3 axb4 35. axb4 Ra8 36. Kg1 Ra1+ 37. Rf1 Ra4 38. Rb1 Bc6 39. Kf2 Bd7 40.
g4 Rh8 41. Nd4 Rg8 42. Bxb5 Bxb5 43. Nxb5+ Kb8 44. Kg3 Rd8 45. Kxh3 Rd2 46. Kg3
Kb7 47. c4 Raa2 48. Rb3 Rxh2 49. Rd3 Rag2+ 50. Kf4 Rf2+ 51. Kg3 Rhg2+ 52. Kh3
Rg1 53. Rd7+ Kc8 54. Rxf7 Rf3+ 55. Kh2 Rd1 56. Kg2 Rb3 57. Rxf6 Rxb4 58. g5 Kd7
59. g6 Rbb1 60. e5 Ke7 61. Nd6 Rg1+ 62. Kh3 Rh1+ 63. Kg4 Rbg1+ 64. Kf4 Rf1+ 65.
Kg5 Rhg1+ 66. Kh6 Rxf6 67. exf6+ Kxf6 68. Ne8+ Kf5 69. Ng7+ Ke5 70. Nh5 Kd4 71.
g7 Kxc4 72. Nf6 Rxg7 73. Kxg7 1/2-1/2

[Event "Andorra open"]
[Site "Escaldes"]
[Date "2018.07.26"]
[Round "6.5"]
[White "Del Rio De Angelis, Salvador G"]
[Black "Fluvia Poyatos, Jordi"]
[Result "1/2-1/2"]
[WhiteElo "2525"]
[BlackElo "2436"]
[PlyCount "27"]
[EventDate "2018.07.21"]
[EventType "swiss"]
[EventCountry "AND"]

1. Nf3 Nf6 2. d4 g6 3. e3 Bg7 4. Be2 O-O 5. O-O d5 6. b3 c5 7. c3 Nbd7 8. Bb2
b6 9. a4 Bb7 10. Na3 e6 11. c4 Qe7 12. a5 Rfd8 13. axb6 axb6 14. Nb5 1/2-1/2

[Event "Andorra open"]
[Site "Escaldes"]
[Date "2018.07.26"]
[Round "6.6"]
[White "Ruperez Benito, Antonio"]
[Black "Demuth, Adrien"]
[Result "1/2-1/2"]
[WhiteElo "2329"]
[BlackElo "2524"]
[PlyCount "63"]
[EventDate "2018.07.21"]
[EventType "swiss"]
[EventCountry "AND"]

1. e4 e6 2. b3 d5 3. Bb2 Nf6 4. e5 Nfd7 5. f4 c5 6. Qg4 h5 7. Qg3 Nc6 8. Nf3 h4
9. Qg4 a6 10. Be2 b5 11. O-O Bb7 12. f5 Qe7 13. fxe6 Qxe6 14. Qf4 f6 15. exf6
gxf6 16. Bd3 Bd6 17. Qf5 Qxf5 18. Bxf5 Nde5 19. d3 Nxf3+ 20. Rxf3 Be5 21. Bxe5
Nxe5 22. Rf2 Kf7 23. Nd2 Rae8 24. Raf1 Rh6 25. h3 b4 26. Nf3 Nxf3+ 27. Rxf3 d4
28. Rf4 Re2 29. R1f2 Re1+ 30. Rf1 Re2 31. R1f2 Re1+ 32. Rf1 1/2-1/2

[Event "Andorra open"]
[Site "Escaldes"]
[Date "2018.07.26"]
[Round "6.7"]
[White "Repka, Christopher"]
[Black "Martinez Lopez, Ivan"]
[Result "1-0"]
[WhiteElo "2519"]
[BlackElo "2195"]
[PlyCount "43"]
[EventDate "2018.07.21"]
[EventType "swiss"]
[EventCountry "AND"]

1. e4 e5 2. Nf3 Nc6 3. Bc4 Nf6 4. d3 Be7 5. a4 O-O 6. h3 d6 7. c3 h6 8. b4 a6
9. Qb3 Nh7 10. Be3 Ng5 11. Nbd2 Bd7 12. O-O Nxf3+ 13. Nxf3 Bg5 14. Nxg5 hxg5
15. Qd1 g4 16. hxg4 Qh4 17. f3 Kh8 18. Qd2 f6 19. Rf2 g5 20. g3 Qxg3+ 21. Rg2
Qxf3 22. Rf1 1-0

[Event "Andorra open"]
[Site "Escaldes"]
[Date "2018.07.26"]
[Round "6.8"]
[White "Aloma Vidal, Robert"]
[Black "Arizmendi Martinez, Julen Luis"]
[Result "1/2-1/2"]
[WhiteElo "2433"]
[BlackElo "2507"]
[PlyCount "23"]
[EventDate "2018.07.21"]
[EventType "swiss"]
[EventCountry "AND"]

1. e4 e6 2. d4 d5 3. Nd2 Be7 4. e5 c5 5. c3 Nc6 6. Bd3 cxd4 7. cxd4 Nh6 8. Ne2
Nf5 9. Nf3 Nh4 10. Nxh4 Bxh4 11. O-O Bd7 12. a3 1/2-1/2